| 000 | 02185 am a2200553 a 4500 | ||
|---|---|---|---|
| 005 | 20240625114404.0 | ||
| 008 | 100527s2006||||sp a f |||| 001 0 spa d | ||
| 020 | _a8479039140 | ||
| 041 | _aspa | ||
| 092 |
_c612.82 _l46 _sKOL |
||
| 100 | 1 |
_aKolb, Bryan. _91267 |
|
| 245 |
_aNeuropsicología Humana / _cBryan Kolb |
||
| 250 |
_a5a ed. _bTraducción Silvia Cwi ; Diana Klajan ; Adriana Latrónico ; Ubaldo Patrone ; Judith Oxemberg; silvia Rondinone y Jullia Tzal |
||
| 260 |
_aBuenos Aires: _bEditorial Médica Panamericana; _c2006. |
||
| 300 |
_a763 p. _bil. _c24 cm. |
||
| 500 | _aKolb, B. y Whishaw, I. Q. (2006). Neuropsicología Humana. (5a ed.). Buenos Aires : Editorial Médica Panamericana. | ||
| 590 | _aIncluye referencias bibliograficas e indices. | ||
| 653 | _aEvolución de la neuropsicología | ||
| 653 | _aOrigen del cerebro humano y de la conducta | ||
| 653 | _aOrganizacion del sistema nervioso | ||
| 653 | _aEstructura y actividad eléctrica de las neuronas | ||
| 653 | _aComunicación entre neuronas | ||
| 653 | _aInfluencia de los fármacos sobre la conducta | ||
| 653 | _aEstudios por imágenes de la actividad cerebral | ||
| 653 | _aOrganización de los sistemas sensitivos | ||
| 653 | _aOrganización del sistema motor | ||
| 653 | _aPrincipios de la función neocortical | ||
| 653 | _aAsimetría del cerebro | ||
| 653 | _aVariaciones en la asimetría cerebral | ||
| 653 | _aLóbulos occipitales | ||
| 653 | _aLóbulos parietales | ||
| 653 | _alóbulos temporales | ||
| 653 | _aLóbulos frontales | ||
| 653 | _aSíndromes de desconexión | ||
| 653 | _aMemoria | ||
| 653 | _aOrigenes del lenguaje | ||
| 653 | _aEmoción | ||
| 653 | _aConducta espacial | ||
| 653 | _aAtención, imágenes mentales y consciencia | ||
| 653 | _aDesarrollo y plasticidad del cerebro | ||
| 653 | _aTrastornos del desarrollo | ||
| 653 | _aPlasticidad, recuperación y rehabilitación del cerebro adulto | ||
| 653 | _aTrastornos neurológicos | ||
| 653 | _aTrastornos psiquiátricos y otros problemas asociados | ||
| 653 | _aEvaluación neuropsicológica | ||
| 700 | 1 |
_aWhishaw, Ian Q. _91268 |
|
| 930 | _a1746 | ||
| 942 |
_2ddc _cBK |
||
| 999 |
_c331 _d331 |
||